00841nam a2200241Ia 4500001000700000003000500007008004100012010001100053020001800064040000900082082001700091100002300108245013700131250001200268260004200280300001500322500008800337503003200425504003800457650002400495700004500519700003500564Z_2646CHAP220113s9999 xx 000 0 und d a165706 a968-426-785-1 cCHAP a612 G35 1998 aGanong, William F. aFisiología médica /cWilliam F. Ganong; Traductor Dieter Mascher Gramlich; revición técnica Nancy Esthela Fernández Garza a16a ed. aMéxico :bEl Manual Moderno,c  aix, 981 p. aTítulo original de la obra : Review of medical phisiology, de la 18th ed. de 1997 aej.1: 198743 \ ej.2: 199300 aIncluye bibliografía e índice aFisiología humana a Fernández Garza, Nancy Esthela, rev. aGramlich, Dieter Mascher, tr.